000 00807nam a2200253 a 4500
001 BRCA_4536
005 20190320204716.0
008 220910s1927----u--a######---#000-0#eng-#
041 _aeng
044 _au
050 4 _aNK112
_b.M36 1927
100 1 _aMcMurray, Charles
_911493
245 1 0 _aCollector´s Guide of Flasks and Bottles
_cby Charles McMurray.
260 _aDayton, Ohio
_bCharles McMurray
_c1927
300 _a170 p.
_bil.
_c12 cm.
_eFolleto por separado que incluye los precios.
500 _aIncluye índice de nombres, temas y objetos
500 _aD9
650 1 4 _aCristalería
_zEstados Unidos
_92701
650 1 4 _aArte
_xColeccionistas y colecciones
_97445
650 1 4 _aArte
_vGuías
_xPrecios
_911494
650 1 4 _aArte
_xFrascos y botellas
_911495
902 _aGFM
942 _2lcc
_cB
999 _c4242
_d4242